Travis Scott Charting Songs (Billboard Hot Dance) - Statistics

General Stats
  • This quiz has been taken 14 times
    9 since last reset
  • The average score is 2 of 6
Answer Stats
Album Weeks On Peak Artist(s) Song % Correct
Nomad 4 Weeks #6 DJ Snake ft. Future & Travis Scott Tsunami
75%
Know No Better EP 26 Weeks #9 Major Lazer ft. Travis Scott, Camila Cabello & Quavo Know No Better
50%
Non-Album Single 52 Weeks #1 Travis Scott & HVME Goosebumps
38%
Assume Form 20 Weeks #10 James Blake & Metro Boomin ft. Travis Scott Mile High
25%
Funk Wav Bounces Vol. 1 10 Weeks #18 Calvin Harris ft. Travis Scott & A-Trak Prayers Up
13%
Peace is the Mission 2 Weeks #40 Major Lazer ft. Travis Scott, 2 Chainz, Pusha T & Mad Cobra Night Riders
0%
No matching quizzes found
Score Distribution
Percent of People with Each Score
Percentile by Number Answered
Your Score History
You have not taken this quiz since the last reset